[Event "Bundesliga 0405"]
[Site "Germany"]
[Date "2004.11.28"]
[Round "4.5"]
[White "Schulze, Ulrich"]
[Black "Babula, Vlastimil"]
[Result "0-1"]
[WhiteElo "2333"]
[BlackElo "2571"]
[Annotator "Gershon,A"]
[PlyCount "102"]
[EventDate "2004.11.12"]
[EventType "team-tourn"]
[EventRounds "15"]
[EventCountry "GER"]
[SourceTitle "CBM 105"]
[Source "ChessBase"]
[SourceDate "2005.04.11"]
[SourceVersion "1"]
[SourceVersionDate "2005.04.11"]
[SourceQuality "1"]
[WhiteTeam "Eppingen"]
[BlackTeam "Werder Bremen"]
[WhiteTeamCountry "GER"]
[BlackTeamCountry "GER"]

1. d4 Nf6 2. Nf3 e6 3. c4 b6 4. g3 Ba6 5. Qa4 Bb7 6. Bg2 c5 7. dxc5 Bxc5 8. O-O
O-O 9. Nc3 Be7 10. Bg5 {A very rare move, which does not post black any
serious problems.} (10. Rd1 Na6 11. Bf4 {is the main line here.}) 10... Qc8 11.
Rac1 Na6 12. Qd1 $6 {A somewhat strange decision. Why not simply develop the
rook?} (12. Rfd1 {makes much more sense.}) 12... Rd8 13. Qd2 Nc5 {[%cal Gf6e4,
Gd7d5] White's indecisive play allowed black to gain initiative} 14. Bxf6 Bxf6
15. b4 (15. Rfd1 Ne4 16. Nxe4 Bxe4 $15 {[%cal Gd7d5]}) 15... Ne4 16. Nxe4 Bxe4
17. Nd4 Bxg2 18. Kxg2 {this is a typical situation where the bishop is
stronger than the knight} Qb7+ 19. Nf3 d5 {Getting rid of his only potential
weakness, black ensure that only he will have winning chance in this game.} 20.
cxd5 (20. c5 bxc5 21. bxc5 Qc6 {[%csl Rc5][%cal Ge6e5,Gd5d4] Without any
support from the pieces, the 'c5' pawn is a weakness more than anything else.})
20... Rxd5 21. Qc2 a5 {[%cal Gf6a1] The bishop on f6 prevents white from
fighting for the 'a' file. That's exactly where Black should play.} 22. a3 axb4
23. axb4 Rd4 24. b5 (24. Rb1 Rc8 25. Qa2 b5 $17 {is just bad for white.}) 24...
Rd5 25. Qc6 {White saves the pawn for now, and it might even look as a
dangerous passed pawn. However, after black places his bishop on 'c5' it will
be doomed.} Qxc6 26. bxc6 Rc8 (26... Be7 {is the natural move, but it allows:}
27. Rfd1 Rxd1 28. Rxd1 Rc8 29. Rd7 Kf8 30. Rb7 $1 Bc5 31. Ng5 $14) 27. c7 Be7
28. Rc6 Bc5 $17 {[%csl Rc7][%cal Gd5d7]} 29. Ra1 Kf8 30. e4 Rd7 $2 {Missing
white's defensive idea of Ra7-b7-b8. Now black's win becomes problematic} (
30... Rd6 $17 {is much more convincing}) 31. Ra7 Ke7 32. Rb7 Rd6 33. Rb8 (33.
Ne5 f6 34. Rb8 Rxc6 35. Nxc6+ Kd7 36. Rxc8 Kxc8 37. Nd8 e5 38. Ne6 g6 $19)
33... Rxc6 34. Rxc8 Bd6 35. Rg8 {White regainst material equality now, but
Black's 'b' pawn is advancing much faster than White's K side pawns} Rxc7 36.
e5 Ba3 37. Rxg7 h6 {No need to through away pawns, of course} (37... b5 38. Ng5
(38. Rxh7 b4 39. Ng5 Ke8 40. Ne4 $1 $16 {[%cal Ge4d6,Yh7h8,Yh8b8]} b3 $140 $4
41. Nf6+ Ke7 (41... Kf8 42. Rh8+ Kg7 43. Rg8+ Kh6 44. g4 Bc1 45. h4 {mating})
42. Rh8)) 38. Nd4 $2 {White had to create counterplay fast. Now it's just a
matter of time} (38. Rh7 $142 $1 {tying the bishop to defending the pawn.} Bc1
{[%cal Gb6b1]} (38... b5 $143 39. Rxh6 b4 40. Rh8 Rb7 41. Nd2 b3 42. f4 (42.
Ne4 Kd7)) 39. Rh8 {[%cal Gh8b8]} Kd7 40. h4 Kc6 41. g4 Kc5 42. g5 hxg5 43. h5
Bf4 {[%cal Gg5g4]} 44. Kh3 {with a very double edged game}) 38... Bb2 $1 39.
Rg4 Rc5 {[%csl Re5]} 40. Nb3 Rb5 41. Nd4 Rc5 (41... Bxd4 42. Rxd4 Rxe5 {
Should be winning, but according to Dr. Tarrasch: "rook endings are always
drawn".}) 42. Re4 b5 43. Kf3 b4 44. Ke2 Bxd4 45. Rxd4 Rxe5+ {Entering a much
better version of the rook ending} 46. Kd3 Rd5 {A clean calculation of a
resulting pawn ending} 47. Kc4 (47. Rxd5 exd5 48. Kc2 d4 {is an easy win for
black of course}) 47... Rxd4+ 48. Kxd4 Kf6 49. Kc4 Ke5 50. f3 b3 51. Kxb3 Kd4 {
Now black king goes for a nice dinner, and therefore white resigned} 0-1

[Event "YUG-ch 57th"]
[Site "Banja Koviljaca"]
[Date "2002.03.16"]
[Round "1"]
[White "Blagojevic, Dragisa"]
[Black "Jeremic, Veljko"]
[Result "1-0"]
[WhiteElo "2508"]
[BlackElo "2484"]
[Annotator "Gershon,A"]
[PlyCount "49"]
[EventDate "2002.03.16"]
[EventType "tourn"]
[EventRounds "13"]
[EventCountry "YUG"]
[EventCategory "10"]
[SourceTitle "CBM 089"]
[Source "ChessBase"]
[SourceDate "2002.08.12"]
[SourceVersion "1"]
[SourceVersionDate "2002.08.12"]
[SourceQuality "1"]

1. d4 Nf6 2. c4 e6 3. Nf3 b6 4. g3 Ba6 5. b3 Bb7 (5... Bb4+ {is the main line})
6. Bg2 Bb4+ 7. Bd2 a5 ({The alternative is.} 7... c5 8. Bxb4 cxb4 9. O-O O-O
10. Nbd2 d6 11. Qc2 Nc6 12. e4 e5 13. d5 Nb8 14. a3 bxa3 15. b4 a5 16. c5 $44 {
1-0 Shariyazdanov,A-Baklan,V/Neum BIH 2000/The Week in Chess 308 (43)}) 8. Nc3
(8. O-O O-O 9. Nc3 d5 10. cxd5 exd5 11. a3 Be7 12. Qc2 c5 13. Rfd1 Nbd7 14. Bf4
Rc8 15. dxc5 bxc5 16. Ne5 {1-0 Polovodin,I-Pavlov,A/St Petersburg RUS 2000 (36)
White's position is better due to black's weaknesses on d5 and a5 .}) 8... O-O
9. Qc2 d6 10. O-O Nbd7 {Quite a few moves were tested by white. As a whole,
this position is pretty solid for black and white will need to look for an
improvement.} 11. Ne1 {This move can hardly post any serious problems.} (11.
Rad1 {allows black to gain initiative on the Q side.} Bxc3 (11... Qb8 $5) 12.
Bxc3 Be4 13. Qc1 a4 14. Bh3 b5 15. Nd2 axb3 16. axb3 bxc4 17. bxc4 Ra2 $15 {
0-1 Morovic Fernandez,I-Adams,M/Istanbul 2000/EXT 2001/[Rabinovich,A] (35). 
(35)}) (11. Rfe1 Bxc3 12. Bxc3 Be4 13. Qb2 a4 14. Bf1 c5 15. Nd2 Bb7 16. b4 a3
17. Qb3 cxd4 18. Bxd4 e5 19. Be3 Qc7 20. Rac1 Qc6 21. f3 Qa4 22. Qb1 d5 $1 $15
{0-1 Topalov,V-Adams,M/Frankfurt GER 2000/The Week in Chess 294 (65)}) (11.
Rfd1 Re8 (11... Bxc3 $5 12. Bxc3 Be4) 12. Nb5 Bxd2 13. Nxd2 Bxg2 14. Kxg2 e5
15. Nf1 {[%cal Gf1e3,Ge3f5,Ge3d5]} (15. d5 Nc5 16. e4 {[%cal Ga2a3,Gb3b4]
Might give white some chances for advantage.}) 15... Nf8 $11 {1/2-1/2 Georgiev,
K-Nisipeanu,L/New Delhi/Theran 2000/CBM 81/[Rabinovich,A] (55)}) 11... Bxg2 (
11... Qc8 12. Rc1 Re8 13. Nb5 Bxg2 14. Nxg2 Qb8 15. a3 Bxd2 16. Qxd2 c6 17. Nc3
d5 18. Rfd1 b5 19. cxb5 cxb5 20. Qd3 b4 21. Nb5 Rc8 22. a4 {1/2-1/2 Kortschnoj,
V-Adams,M/Wijk aan Zee 2000/CBM 75 (22)}) 12. Nxg2 e5 $6 {A bit premature.
Black should have prepared better.} (12... c6 {without the light squared
bishops this move becomes possible.}) 13. dxe5 dxe5 14. Ne3 Nc5 (14... c6) 15.
Rfd1 Ne6 $6 ({better was} 15... c6 {covering d5} 16. Na4 $5 Qc7 (16... Nxa4 17.
Bxb4 $18) 17. Bxb4 axb4 18. Nxc5 bxc5 $11) 16. Nb5 Qb8 $2 {A bad positional
blunder!} ({essential was:} 16... Bxd2 17. Rxd2 Nd4 18. Nxd4 exd4 19. Nf5 c5
20. e3 g6 21. exd4 gxf5 22. dxc5 Qc8 23. cxb6 {with an unclear position}) 17.
Bxb4 axb4 18. Nd5 $1 c5 $4 {And now a tactical one.} (18... Nxd5 19. cxd5 Nc5
20. Qc4 {white wins a pawn, but is still much better than the game}) (18... c6
19. Ne7+ Kh8 20. Nxc6 $18) 19. Nxf6+ gxf6 20. Qf5 {Black forces are divided
and cannot come to rescue the king.} Kg7 21. Qg4+ Kh8 22. Qh4 Kg7 23. Nd6 $18 {
black is hopeless now} Rh8 24. Nf5+ Kg6 (24... Kf8 25. Qxf6 {isn't much better}
) 25. Qh6+ $1 {A very energetic play by white, punishing black for carelessness
} (25. Qh6+ Kxf5 26. g4+ Kxg4 (26... Ke4 27. f3#) 27. f3+ Kf5 28. e4#) 1-0

[Event "EU-Cup 18th"]
[Site "Kallithea"]
[Date "2002.09.27"]
[Round "6.5"]
[White "Rustemov, Alexander"]
[Black "Mitkov, Nikola"]
[Result "1/2-1/2"]
[WhiteElo "2589"]
[BlackElo "2493"]
[Annotator "Gershon,A"]
[PlyCount "79"]
[EventDate "2002.09.22"]
[EventType "team-swiss"]
[EventRounds "7"]
[EventCountry "GRE"]
[SourceTitle "CBM 092"]
[Source "ChessBase"]
[SourceDate "2003.02.06"]
[SourceVersion "1"]
[SourceVersionDate "2003.02.06"]
[SourceQuality "1"]
[WhiteTeam "Norilsk Nikel"]
[BlackTeam "Skopje Kisela Voda"]
[WhiteTeamCountry "RUS"]
[BlackTeamCountry "MKD"]

1. d4 Nf6 2. Nf3 d5 3. c4 e6 4. g3 Bb4+ 5. Bd2 Be7 6. Bg2 c6 7. Qc2 b6 8. O-O
Ba6 9. b3 Nbd7 {After a strange move order, the game transposed into a
critical line of the QI.} 10. Bf4 Rc8 11. Rd1 O-O 12. Nc3 {Black has tried
many moves here, most of which seem to give him a good game.} Nh5 {This move
is an attempt to take the sting out of white's position by forcing the B away
from f4.} (12... Qe8 13. a4 (13. e4 dxc4 14. Nd2 e5 15. dxe5 Ng4 16. Nxc4 Bxc4
17. bxc4 Bc5 18. Rd2 Ndxe5 19. Na4 Bb4 {and black had no problems in 1/2-1/2
Ftacnik,L-Landa,K/Kaskady SVK 2002/The Week in Chess 400 (76)}) 13... dxc4 14.
bxc4 Bxc4 15. Ne4 Nxe4 16. Qxc4 Bd6 17. Ne5 f5 18. h4 c5 19. Bxe4 cxd4 20. Qxd4
{1/2-1/2 Anand,V-Kramnik,V/Leon ESP 2002/The Week in Chess 398 (20).}) 13. Bc1
Nhf6 14. e4 (14. Bb2 {hardly the best place for the bishop, but white must
develop somehow} dxc4 {perhaps a bit too ambitious.} (14... Qe8 {was worth
considering, transposing into the Qe8 line, with white B on b2.}) 15. bxc4 Bxc4
16. Ne5 Nxe5 17. dxe5 Nd5 18. Ne4 (18. e4 $2 Nb4 {[%csl Rb2,Rg2]}) 18... b5 19.
Nd6 Bxd6 20. exd6 Qd7 21. Rd4 $44 {1-0 Bacrot,E-Lautier,J/Paris FRA 2002/The
Week in Chess 399 (27)}) 14... dxc4 15. Bf4 b5 (15... Bb4 $6 16. Nd2 c5 17. d5
e5 18. Bg5 cxb3 $6 (18... b5 19. bxc4 bxc4 (19... Bxc3 20. Qxc3 b4 21. Qc2 Bb7
22. Bh3 $16 {black has problems consolidating his position.})) 19. axb3 c4 20.
Rxa6 cxb3 21. Qxb3 Bxc3 22. Rxa7 Bd4 23. Nf3 $16 {1-0 Nielsen,P-Beliavsky,A/
Bled SLO 2002/The Week in Chess 418 (33)}) 16. bxc4 bxc4 {usually, white is
happier to get this position without e2-e4 played, since, he has Ne5 ideas,
then.} 17. Nd2 Qa5 {[%cal Ge7b4,Yc6c5] Removing the Q from 'd' file. The queen
is ideally placed on a5, both helping advance c5, and putting pressure on
e1-a5 diagonal..} 18. Na4 c5 19. d5 (19. Nxc4 $4 Bxc4 20. Qxc4 cxd4 $17 {
[%cal Ge6e5]}) (19. dxc5 Nxc5 20. Nxc5 Bxc5 {[%cal Gf6g4,Ye6e5]} 21. e5 Bxf2+
$1 22. Kxf2 Ng4+ 23. Ke1 (23. Kf1 $2 c3+ $19) (23. Kg1 $4 Qc5+ 24. Kh1 Nf2+ {
with mate}) 23... Nxe5 {[%cal Ge5d3,Gc4c3]} 24. Bxe5 Qxe5+ 25. Qe4 Qc5 {
with a big edge for black}) (19. e5 $2 cxd4 20. exf6 Bxf6 $17 {[%cal Gd4d3]})
19... e5 20. Be3 Ng4 $1 {the most straighforward way.} (20... Nb6 21. Nxb6 axb6
22. Nxc4 Bxc4 23. Qxc4 Ne8 24. Qe2 Nd6 {would lead to a solid, but slightly
passive position for black}) 21. Bh3 Nxe3 22. fxe3 Rcd8 23. Bxd7 $1 {in such a
closed position, the most efficient pieces are N's} Rxd7 24. Nxc4 Bxc4 25. Qxc4
{white achieved what he wanted, leaving black with a "bad" bishop. However,
it's black to play, and he can use dynamic factors (such as the N on a4), to
create counterplay against white's weaknesses: open king, 'e3'P.} Rb7 {[%cal
Gb7b4]} 26. a3 (26. Rab1 Rfb8 (26... Rxb1 $5 27. Rxb1 Qd2) 27. Rxb7 Rxb7 28. a3
) 26... Bd6 (26... Rfb8 $5 {deserved serious consideration} 27. d6 Bg5 {
[%cal Gg5e3,Ge3d4]} 28. Rd3 (28. Re1 Rb3 $36 {the 'd' pawn without a rook on
d1 to support is, is nothing but a weak pawn.}) 28... Rb1+ 29. Rxb1 Rxb1+ 30.
Kg2 Qe1 $40) 27. Rac1 Rfb8 28. Rc3 (28. Nxc5 Rb2 (28... Rc7 29. Qa6 $1 Rxc5 30.
Qxd6 $18) (28... Qxc5 29. Qxc5 Bxc5 30. Rxc5 Rb3 31. d6 Rd8 32. Rxe5 $18) 29.
Nd3 {[%cal Gc4c8,Gc4c6]} Rd2 $132) 28... g6 29. Kf2 {white doesn't want to
take the pawn for now. The pawn is weak anyway, and in the meanwhile, white
improves his position. However, one weakness is not enough for a win,
especially, when black controls the only open file in the position.} Rb5 $11
30. Rdc1 h5 31. h3 Qd8 32. Qd3 Qc8 33. Kg2 {both sides are trying to see if
they can squeeze a mistake from the opponent, and when it doesn't happen, they
shake hands.} Qa6 34. Qc2 Ra5 35. Rc4 Rab5 36. Rc3 Ra5 37. Rc4 Rab5 38. Rc3 Qc8
39. Qd3 Qa6 40. Qc2 1/2-1/2

[Event "Enghien les Bains"]
[Site "Enghien les Bains"]
[Date "2003.06.21"]
[Round "8"]
[White "Lautier, Joel"]
[Black "Gelfand, Boris"]
[Result "1/2-1/2"]
[WhiteElo "2666"]
[BlackElo "2700"]
[Annotator "Gershon,A"]
[PlyCount "43"]
[EventDate "2003.06.13"]
[EventType "tourn"]
[EventRounds "9"]
[EventCountry "FRA"]
[EventCategory "17"]
[SourceTitle "CBM 096"]
[Source "ChessBase"]
[SourceDate "2003.09.25"]
[SourceVersion "1"]
[SourceVersionDate "2003.09.25"]
[SourceQuality "1"]

1. d4 Nf6 2. c4 e6 3. Nf3 b6 4. g3 Ba6 5. Qa4 Bb7 6. Bg2 c5 7. dxc5 bxc5 8. O-O
Be7 9. Nc3 O-O 10. Bf4 Qb6 11. Rfd1 d6 12. Rab1 Nbd7 {Lautier decides to allow
white the b2-b4 break, intending to quickly coordinate his forces in the
meantime. The big advantage of the N on d7 over a6, is that it can attack
white's 'c4' pawn, which will be weakened after b2-b4, from b6.} (12... Na6 {
Preventing white's thematic b2-b4 advance, is usually preffered in GM practice
in recent years.} 13. a3 Rac8 14. Qc2 (14. Qb5 Rfd8 15. b4 cxb4 16. axb4 Ne4
17. Nxe4 Bxe4 18. Ra1 Nxb4 19. Be3 Qxb5 20. cxb5 Bf6 21. Rxa7 Rb8 22. Nd4 $11 {
1/2-1/2 Maksimenko,A-Almasi,Z/Jahorina BIH 2003/The Week in Chess 451 (25)})
14... h6 15. e4 Rfd8 16. Qe2 Nd7 17. h4 Ba8 18. Rd3 (18. g4 Nf8 19. g5 h5 20.
Bg3 g6 21. Rd2 Nb8 22. Qd1 a6 23. Rd3 e5 $1 {[%csl Gd4,Rd5]} 24. Nd5 Qa7 25.
Qd2 Nc6 26. Rd1 Nd4 $11 {0-1 Van Wely,L-Leko,P/Monte Carlo MNC 2003/The Week
in Chess 438 (52)}) 18... Nf8 19. Be3 Bf6 $11 {1/2-1/2 Nikolic,P-Almasi,Z/
Germany 2002/EXT 2003 (19)}) 13. b4 {This move allows black to equalize, but
what esle could be suggested ?} (13. Qc2 $5 {[%cal Ga2a3,Gb2b4] removing the
queen away from black's light pieces.}) 13... cxb4 {A significant improvement
over Nikolic-Stefansson game, which continued:} (13... Bc6 14. b5 Bb7 15. Qc2
Rfd8 16. e4 e5 17. Bd2 Nf8 18. Nd5 Nxd5 19. cxd5 Bc8 20. a4 Bg4 21. Rb3 $16 {
1-0 Nikolic,P-Stefansson,H/Selfoss 2002/CBM 92 no vc (77). (76)}) 14. Rxb4 Bc6
$1 {The main move of black's opening idea. After removing the bishop away from
the 'b' file, the queen can retreat to a more active square.} 15. Qa3 (15. Rxb6
Bxa4 16. Rbxd6 Bxd1 17. Rxd1 Rac8 {is bad for white}) 15... Qc5 {[%cal Gd7b6]
It is clear now, that black was able to solve all his opening problems} 16. Be3
(16. Rb3 {Trying to reach black's weakest point: the 'd6' pawn.} Qxa3 17. Rxa3
Nb6 $11 {[%csl Rc4,Rd6]}) 16... Qh5 {[%cal Gf6g4] Black was able to organize
real threats on white's king.} 17. h3 Bxf3 {forcing a draw} (17... d5 {was an
alternative, but after:} 18. g4 $1 Qg6 19. Nh4 Qc2 (19... Bxb4 $2 20. Qxb4 Qc2
21. Rc1 $18) 20. Rc1 Qxc1+ 21. Bxc1 a5 22. cxd5 axb4 23. Qb3 Nxd5 24. Nxd5 exd5
(24... Bxh4 25. Nxb4 $14) 25. Nf5 {white's position looks preferable.}) 18.
Bxf3 Qxh3 19. Bg2 (19. Bxa8 $143 Rxa8 20. c5 Nxc5 (20... Ng4 21. Rxg4 Qxg4 22.
cxd6 $16 {[%csl Gd6]}) 21. Rh4 Qf5 $15 {black's two pawns for the exchange,
and white's weak king decide the evaluation of the position in black's favor.})
19... Qh5 20. Bf3 Qh3 21. Bg2 Qh5 22. Bf3 {A very important game from a
theoretical point of view,} 1/2-1/2

[Event "EU-ch 4th"]
[Site "Istanbul"]
[Date "2003.06.13"]
[Round "13"]
[White "Ivanisevic, Ivan"]
[Black "Wells, Peter K"]
[Result "1-0"]
[WhiteElo "2569"]
[BlackElo "2487"]
[Annotator "Gershon,A"]
[PlyCount "103"]
[EventDate "2003.05.30"]
[EventType "swiss"]
[EventRounds "13"]
[EventCountry "TUR"]
[SourceTitle "CBM 096"]
[Source "ChessBase"]
[SourceDate "2003.09.25"]
[SourceVersion "1"]
[SourceVersionDate "2003.09.25"]
[SourceQuality "1"]

1. d4 Nf6 2. c4 e6 3. Nf3 b6 4. g3 Ba6 5. b3 Bb4+ 6. Bd2 Be7 7. Bg2 c6 8. Bc3
d5 9. Nbd2 Nbd7 10. Rc1 O-O 11. Rc2 Rc8 12. O-O c5 13. a4 dxc4 {After the
Granda Zuniga - Kamsky game this move was suggested as an improvement over
black's play. However, Ivanisevic takes back with the N, rather than with a P,
as was suggested in all the commentary.} ({White achieved an advantage after:} 
13... cxd4 $6 14. Nxd4 Nc5 15. Ba1 dxc4 $6 16. b4 $1 c3 17. Bxc3 Nxa4 18. Ba1 {
in Granda Zuniga - Kamsky/Donner Memorial/Amsterdam 1996}) 14. Nxc4 Bb7 ({
an attempt to weaken white's Q side pawns leaves black's light squares
dangerously weak.} 14... Bxc4 $6 15. bxc4 cxd4 16. Nxd4 {[%csl Rc6]} Bc5 17.
Nc6 Qc7 18. e3 e5 19. Bd5 $14 {1/2-1/2 Ivanisevic,I-Brajovic,R/Nis 1997/EXT
2002 (39). (38)}) 15. dxc5 Bxc5 $6 {The bishop will be needed on e7, to get
rid of white's unpleasant pressure over the a1-h8 diagonal. Therefore, it'd be
better to recapture with a N.} (15... Nxc5 $142 {[%csl Rb3][%cal Gf6e8,Ye7f6,
Gc5e4]} 16. Rd2 Bd5 {[%cal Gc5e4]}) 16. Qa1 $1 {Now, white gets a slight
pressure for the whole game.} Qe7 17. Nfe5 $1 {without black's N on d7, black
has more worries about white's battery on the long diagonal.} Bxg2 18. Kxg2
Nxe5 19. Bxe5 Qb7+ 20. f3 Be7 {Finding the right plan, but after critical loss
of time.} 21. Rd1 Rfd8 (21... Ne8 22. Rcd2 {is unacceptable for black.}) 22.
Rcd2 Ne8 23. e4 $14 Rxd2+ 24. Rxd2 Rd8 25. Rxd8 Bxd8 {Black's position looks
solid, as there are no apparent weaknesses in the position. However, white's
huge spacial advantage makes black's task very difficult.} 26. Qd4 {From this
square the queen works on both flanks, and preventing black from counterplay.
Black, on his side, should improve his pieces, try to exchange the Q's, and
then, fight for space with f6-e5 (putting pawns on squares of own bishop has
its clear drawbacks, but space is more important in this case)} Be7 27. g4 {
f6 was threatenning} Qc8 28. Bg3 Nf6 29. Be5 {white is not in hurry..} Bc5 30.
Qb2 Qd8 31. Qd2 {White cannot allow black queen into his position.} Qxd2+ 32.
Nxd2 Nd7 33. Bc3 {[%cal Gb3b4,Gb4b5]} Bd6 $2 {Black had to gain some space for
his pieces.} (33... e5 {Although, this move has obvious drawbacks: weakenning
the d5 square and limiting own bishop , he gains space. In the game, black had
no room for manoeuvering}) 34. Nc4 Bf4 (34... Bc7 $142 {[%cal Ge6e5] not as
good as before, but still playable.}) 35. Bd4 g6 36. e5 Kf8 $2 {Black believes
his position is unbreakable, whereas it was time for fast actions:} (36... f6
37. exf6 e5 38. Bc3 Kf7 39. b4 Kxf6 40. h3 Ke6 41. Kf2 Kd5 {with a centralized
king, black is not in danger.}) 37. b4 Ke7 38. b5 Kd8 39. a5 $1 Kc7 40. a6 {
There is the first weakness: pawns a7 and b6. The king cannot leave Qside now 
(due to Nxb6), which leaves the K side at white's disposal. Black's position
is lost now.} h5 41. h3 {[%cal Gg2f2,Gf2e2,Ge2d3,Gd3e4,Gc4d6] Preparing to
protect his e5 pawn with a K, which will free the N to attack f7.} Kb8 42. Kf2
Kc7 43. Ke2 h4 44. Kd3 Kb8 45. Ke4 Bg5 46. Nd6 {The rest is simple} f5+ 47.
exf6 Bxf6 48. Bxf6 Nxf6+ 49. Ke5 Nd5 50. f4 Nc7 51. g5 Nd5 52. f5 $1 (52. f5
gxf5 53. g6 Ne7 54. g7 $18) 1-0